First aid for colleges and universities /

Introduction to First Aid and Emergency Care. Anatomy and Physiology of Body Systems. Victim Assessment. Basic Life Support: Artificial Ventilation...

Đã lưu trong:
书目详细资料
主要作者: Hafen, Brent Q.
其他作者: Karren, Keith J., Frandsen, Kathryn J.
格式: 图书
语言:English
出版: Boston : Allyn and Bacon, 1999.
版:7th ed.
主题:
标签: 添加标签
没有标签, 成为第一个标记此记录!
Thư viện lưu trữ: Mạng thư viện Đại học Đà Nẵng
LEADER 01152cam a2200385 i 4500
001 000047932
003 7627
005 20041027101409.0
008 010324b1999 vm 000 eng
020 |a 0205291236 
040 |a IRC  |c IRC  |d IRC 
041 0 |a eng 
082 1 4 |a 616.0252  |b HA-B 
100 1 |a Hafen, Brent Q. 
245 1 0 |a First aid for colleges and universities /  |c Brent Q. Hafen, Keith J. Karren, Kathryn J. Frandsen. 
250 |a 7th ed. 
260 |a Boston :  |b Allyn and Bacon,  |c 1999. 
300 |a xvii, 518 p. :  |b col. ill. ;  |c 27.5 cm. 
520 3 |a Introduction to First Aid and Emergency Care. Anatomy and Physiology of Body Systems. Victim Assessment. Basic Life Support: Artificial Ventilation... 
630 0 4 |a Emergency medicine. 
630 0 4 |a Aid. 
650 0 4 |a First aid. 
650 0 4 |a Emergency medicine. 
700 1 |a Karren, Keith J. 
700 1 |a Frandsen, Kathryn J. 
OWN |a DUT 
999 |a From the UDN01 
TYP |a Monograph 
TYP |a Printed language 
980 |a Mạng thư viện Đại học Đà Nẵng